CANDY S.A. c/ AFIP y otro sobre acción de amparo (Registro nro. 3535)
[ vista simple ]
| 000 -LEADER | |
|---|---|
| fixed length control field | 01216 a2200337 4500 |
| 001 - CONTROL NUMBER | |
| control field | 41819 |
| 005 - DATE AND TIME OF LATEST TRANSACTION | |
| control field | 20260407155709.0 |
| 008 - FIXED-LENGTH DATA ELEMENTS--GENERAL INFORMATION | |
| fixed length control field | 260407a2009 arg spa d |
| 003 - CONTROL NUMBER IDENTIFIER | |
| control field | AR-UNSa-BCEJYS |
| 040 ## - CATALOGING SOURCE | |
| Original cataloging agency | AR-UNSa-BCEJYS |
| Language of cataloging | spa |
| Transcribing agency | AR-UNSa-BCEJYS |
| 080 ## - UNIVERSAL DECIMAL CLASSIFICATION NUMBER | |
| Universal Decimal Classification number | 336.226.1 |
| Common auxiliary subdivision | Impuestos a las ganancias o los beneficios (Impuesto Diferido) |
| 041 ## - LANGUAGE CODE | |
| Language code of text/sound track or separate title | spa |
| 100 1# - MAIN ENTRY--PERSONAL NAME | |
| Personal name | Fernández, Luis Omar |
| 245 10 - TITLE STATEMENT | |
| Title | CANDY S.A. c/ AFIP y otro sobre acción de amparo |
| Name of part/section of a work | un límite a la confiscatoriedad ante la inaplicabilidad del ajuste por inflación impositivo |
| 264 #1 - PRODUCTION, PUBLICATION, DISTRIBUTION, MANUFACTURE, AND COPYRIGHT NOTICE | |
| Place of production, publication, distribution, manufacture | Buenos Aires : |
| Name of producer, publisher, distributor, manufacturer | La Ley |
| Date of production, publication, distribution, manufacture, or copyright notice | 2009 |
| 300 ## - PHYSICAL DESCRIPTION | |
| Extent | 74 p. |
| Dimensions | 24 cm. |
| 590 ## - LOCAL NOTE (RLIN) | |
| Local note | niveau_biblio:m niveau_hierar:0 |
| 700 1# - ADDED ENTRY--PERSONAL NAME | |
| Personal name | Lascano, Marcelo Ramón |
| 700 1# - ADDED ENTRY--PERSONAL NAME | |
| Personal name | García, Fernando |
| 700 1# - ADDED ENTRY--PERSONAL NAME | |
| Personal name | Melzi, Flavia Irene |
| 700 1# - ADDED ENTRY--PERSONAL NAME | |
| Personal name | Naveira de Casanova, Gustavo J. |
| 700 1# - ADDED ENTRY--PERSONAL NAME | |
| Personal name | Revilla, Pablo José María |
| 700 1# - ADDED ENTRY--PERSONAL NAME | |
| Personal name | Oklander, Juan |
| 700 1# - ADDED ENTRY--PERSONAL NAME | |
| Personal name | Schindel, Ángel |
| 700 1# - ADDED ENTRY--PERSONAL NAME | |
| Personal name | Sequeira, Marcos A. |
| 700 1# - ADDED ENTRY--PERSONAL NAME | |
| Personal name | Simesen de Bielke, Sergio Armando |
| 700 1# - ADDED ENTRY--PERSONAL NAME | |
| Personal name | Egüez, Hermosinda |
| 700 1# - ADDED ENTRY--PERSONAL NAME | |
| Personal name | Spisso, Rodolfo Roque |
| 856 41 - ELECTRONIC LOCATION AND ACCESS | |
| Uniform Resource Identifier | <a href="https://biblioeco.unsa.edu.ar/pmb/images/revistas/E00060.jpg">https://biblioeco.unsa.edu.ar/pmb/images/revistas/E00060.jpg</a> |
| Link text | Imagen de portada |
| Electronic format type | image/jpeg |
| 942 ## - ADDED ENTRY ELEMENTS (KOHA) | |
| Koha item type | |
| Withdrawn status | Lost status | Damaged status | Not for loan | Home library | Current library | Shelving location | Date acquired | Total checkouts | Full call number | Barcode | Date last seen | Price effective from | Koha item type |
|---|---|---|---|---|---|---|---|---|---|---|---|---|---|
| Biblioteca Prof. Eusebio Cleto del Rey | Biblioteca Prof. Eusebio Cleto del Rey | 07/04/2026 | E336.226.1 L341/LE | E00060 | 07/04/2026 | 07/04/2026 | Libro |